00659nam a22001937a 4500003000400000020001500004082001900019100001900038245004700057260005100104300001000155546001200165650002000177650004000197700002200237942001200259999001900271952017500290OSt a0813803608 a657.42bDEM/CO aDemski, Joel S aCost determination:ba conceptual approach aAmes, IowabIowa State University Press c1976 a272p. aEnglish aCost accounting aCost assessment for Decision making aFeltham, Gerald A 2ddccBK c163209d163209 00102ddc40708GenaKAUCLVbKAUCLVcGENERALd2019-01-08l0o657.42 DEM/COp906742r2019-01-08 00:00:00w2019-01-08yBKzBook transferred from CoH Library, Acc.No: 11813